000 00296nam a22001337a 4500
008 181012b xxu||||| |||| 00| 0 eng d
020 _a0397520611
041 _aeng
080 _23rd
_a616.9
100 _a8
101 _aINF
245 _aManual of Skin Diseases
_cSauer,G.C
942 _2udc
_cBK
999 _c49500
_d49500